A muzsikánál nincs jobb barát niet lepšieho priateľa ako je muzika

Bibliographic Details
Corporate Author: Ľudová hudba Štefana Banyáka (uci)
Other Authors: Fürst, Pál (roz), Bognárová, Margita (roz), Hevessyová, Soňa (fot, gup)
Format: Book
Language:Hungarian
PhysicalDescription:1 magnetofónová kazeta (47 min. 28 sek.) stereo
Published: Bratislava Radio Bratislava 1996
Subjects:

MARC

LEADER 00000nam a2200000 a 4500
001 vtls001219406
003 SK-MaSNL
005 20260301234047.0
008 130606s1996 xo 0 hun
015 |a SNBJ1998/01-00429 
035 |a SNK000163602 
040 |a SNK  |b slo  |c SNK  |e AACR2 
044 |a xo  |c SK 
080 |a 784.66.785.1(086.7)  |2 1981 
245 1 |a A muzsikánál nincs jobb barát  |h zvukový dokument  |b niet lepšieho priateľa ako je muzika 
260 |a Bratislava  |b Radio Bratislava  |c 1996 
300 |a 1 magnetofónová kazeta (47 min. 28 sek.)  |b stereo 
500 |a Fotograf, grafická úprava Soňa Hevessyová 
505 0 |a Obsahuje 9 piesní 
511 |a Spievajú Pál Fürs, Margit Bognár 
511 |a Účinkuje Ľudová hudba Štefana Banyáka 
650 0 7 |a populárna hudba  |x kazety magnetofónové  |2 SNK  |9 283658 
655 7 |a magnetofónové kazety  |2 SNK  |9 70693 
700 1 |a Fürst, Pál  |4 roz  |9 43804 
700 1 |a Bognárová, Margita  |4 roz  |9 42957 
700 1 |a Hevessyová, Soňa  |4 fot  |4 gup  |9 44228 
710 0 |a Ľudová hudba Štefana Banyáka  |4 uci  |9 32992 
999 |c 968776  |d 970706 
952 |t P60, <03>, [BOOK], {603}  |a SNK  |b SNK  |y PREZ  |7 0  |p 17A0005311  |o snkK 1835  |i snkJK 231/96  |0 0  |1 0  |4 0  |d 1996-08-14  |l 0  |r 2005-01-01 00:00:00  |w 2026-02-24